header

Partners in performance (Record no. 45533)

MARC details
000 -LEADER
fixed length control field 01240nam a2200325 a 4500
100 1# - MAIN ENTRY--AUTHOR NAME
Personal name Moglia, Tony.
245 10 - TITLE STATEMENT
Title Partners in performance
260 ## - PUBLICATION, DISTRIBUTION, ETC. (IMPRINT)
Place of publication Menlo Park, Calif. :
Name of publisher Crisp Publns,
Year of publication c1997.
300 ## - PHYSICAL DESCRIPTION
Number of Pages vii, 90 p. :
Other physical details ill., forms.
490 1# - SERIES STATEMENT
Series statement A fifty-minute series book
650 #0 - SUBJECT ADDED ENTRY--TOPICAL TERM
Topical Term Personnel management.
Topical Term Goal setting in personnel management.
Topical Term Employee motivation.
Topical Term Performance
856 40 - ELECTRONIC LOCATION AND ACCESS
Uniform Resource Identifier http://site.ebrary.com/lib/rucke/Doc?id=10060435

No items available.

© 2026 Rongo University
Contact us: librarian | system librarian | Rongo university